Qui ... ? - Clic Quiz - Statistiques

Statistiques générales
  • Ce quiz a été pris 195 fois
  • Le résultat moyen est 17 sur 25
Statistiques - réponses
Hint Explanation Réponse % Correct
Bon appétit Quiche Lorraine
95%
Extrait de l'émission TV "Qui veut gagner des millions ?" Qui veut gagner des millions ?
90%
Le Quidditch est un sport mixte de balle, issu de l'univers imaginaire de J. K. Rowling pour la saga Harry Potter Quidditch
89%
Le jeu de société "Qui est-ce ?" en version anglais Qui est-ce ?
89%
Extrait du film Qui veut la peau de Roger Rabbit Qui veut la peau de Roger Rabbit
87%
Extrait de l'émission LOL : qui rit, sort ! Qui rit, sort !
84%
Extrait d'une pub pour Quick avec Eric et Ramzy Quick
79%
Vidéo du Quinté + de Jeudi 26 Mai 2011 à Longchamp - 1ère course Pmu Quinté +
77%
Extrait d'un sketch, émission parodique "Qui veut gagner de l'argent en Masse ?" de l'émission "Qui veut gagner des millions ?" Qui veut gagner de l'argent en Masse ?
77%
Chanson de Patrick Bruel "Qui a le droit ?" interprété ici en concert Qui a le droit ?
75%
Extrait de l'émission TV "Qui veut être mon associé ?" Qui veut être mon associé ?
75%
Images prises de Quiberon, une commune française, située dans le département du Morbihan, qui constitue l'extrémité sud de la presqu'île du même nom Quiberon
74%
Extrait du clip de la chanson de M Qui De Nous Deux Qui de nous deux
71%
Bande annonce du jeu TV Qui restera dans la lumière ? Qui restera dans la lumière ?
70%
Marie-France, la maman de Giuseppe dans Qui veut épouser mon fils ? qui refait surface avec son fils plus tard dans Giuseppe Ristorante : Une histoire de famille Qui veut épouser mon fils ?
70%
Qui-Gon Jinn, personnage de Star Wars Qui-Gon Jinn
67%
Qui ment ? (One of Us Is Lying) est une série télévisée américaine Qui ment ?
67%
Le cycliste colombien Nairo Quintana quand il était chez Movistar Team Quintana
56%
Le cycliste américain Quinn Simmons quand il était chez Trek-Segafredo Quinn Simmons
55%
Jeu de grattage Quitte ou double de la fdj illiko Quitte ou double
55%
Extrait de l'émission TV "Qui est qui ?" Qui est qui ?
50%
Extrait du clip de la chanson "Qui saura" de Mike Brant Qui saura
48%
Philippe Quintais, 17 fois champion du monde de pétanque à l'oeuvre Quintais
40%
Etalon selle français bai de saut d'obstacles ici aux JO de Barcelone en 1992 Quidam de Revel
36%
Extrait du film Les Dents de la Mer avec le personnage interprété par Robert Shaw nommé Quint Quint
28%
Aucun quiz correspondant
Distribution des résultats
% des personnes avec chaque résultat
Percentile par nombre de réponses
Votre historique - résultats
Vous n’avez pas pris ce quiz